Miền đất huyền ảo ( Các dân tộc miền núi Nam Đông Dương ) = Populations montagnardes du Sud-Indochinois

Gespeichert in:
Bibliographische Detailangaben
1. Verfasser: Dambo
Format: Buch
Sprache:Undetermined
Veröffentlicht: H. Hội Nhà Văn 2003
Schlagworte:
Tags: Tag hinzufügen
Keine Tags, Fügen Sie den ersten Tag hinzu!
Thư viện lưu trữ: Trung tâm Học liệu Trường Đại học Cần Thơ
LEADER 00617nam a2200193Ia 4500
001 CTU_55490
008 210402s9999 xx 000 0 und d
020 |b 42000 
082 |a 843 
082 |b D156 
100 |a Dambo 
245 0 |a Miền đất huyền ảo ( Các dân tộc miền núi Nam Đông Dương ) = 
245 0 |b Populations montagnardes du Sud-Indochinois 
245 0 |c Dambo ( Jacques Dournes ); Nguyên Ngọc dịch 
260 |a H. 
260 |b Hội Nhà Văn 
260 |c 2003 
650 |a french literature 
980 |a Trung tâm Học liệu Trường Đại học Cần Thơ